00499nam a2200169Ia 4500008004100000041000800041082002300049100002500072245007800097260002900175300001600204365001600220700002400236710004000260906001000300999001900310230312s9999 xx 000 0 und d aeng a621.37b621.37 THE aTheraja B.L.9126181 aTextbook Of Electrical Technology Vol. IIbAC And DC Machines In SI Units c2018bS. Chand & Company a865 To 1568 cRs.b375.00 aTherajaA.K.9137401 aTheraja B.L. & Theraja A.K.9137402 b637.5 c130723d130723